Sports Quiz

Random Sports or MLB Quiz

Big Red Machine Quiz Stats

 Plays Quiz Updated Feb 20, 2019

     
Support Sporcle.
Go Orange.
Score 0/8 Timer 04:00
0 Plays Today
Position Player % Correct
CJohnny Bench
95%
3BPete Rose
92.9%
2BJoe Morgan
86.3%
1BTony Perez
64.5%
SSDave Concepcion
63%
RFKen Griffey Sr.
62.2%
LFGeorge Foster
56.5%
CFCesar Geronimo
38.9%

From the Vault

Five Letter Words Ending in -ack

by catwoman0526

We know it doesn't end in 'ack', but we can't resist. Aflac!
Remove Ads.
Support Sporcle.
Get the best of Sporcle when you Go Orange. This ad-free experience offers more features, more stats, and more fun while also helping to support Sporcle. Thank you for becoming a member.

Show Comments

Extras

Top Quizzes Today


Score Distribution

Your Account Isn't Verified!

In order to create a playlist on Sporcle, you need to verify the email address you used during registration. Go to your Sporcle Settings to finish the process.

Report this User

Report this user for behavior that violates our Community Guidelines.

Details: